01202 a2200193 45000010006000000050017000060080041000230030015000640400040000790800041001192450043001600200022002032640041002253000019002665050593002850410008008781000023008868560099009094639120260407155735.0260407a2018 arg spa dAR-UNSa-BCEJYS aAR-UNSa-BCEJYSbspacAR-UNSa-BCEJYS a546.3xMetales en general (Litio...)10aLitiopel metal de los salares andinos a978-987-698-210-8 1aSalta :bMundo Gráfico Saltac2018 a119 p.c22 cm. a1. El litio de la Puna y de los Andes Centrales – 2. ¿Qué es el litio? – 3. Litio: El sueño profético de Luciano Catalano – 4. Litio: Entre triángulos y eufemismos – 5. El bicentenario de del litio (1817-2017) – 6. Litio en roca – 7. Litio en arcillas – 8. Litio en salmueras – 9. Clasificación de las cuencas y salares – 10. Origen y evolución de los salares de la Puna Argentina – 11. LA Provincia Litífera Centroandina – 12. Los usos múltiples del litio – 13. Epílogo autobiográfico sobre la temática del litio – 14. Bibliografía –  aspa1 aAlonso, Ricardo N.41uhttps://www.biblioeco.unsa.edu.ar/pmb/images/libros/L127346.jpgyImagen de portadaqimage/jpeg